|
|
|
|
| LEADER |
00000nab a2200000 a 4500 |
| 001 |
vtls008983883 |
| 003 |
SK-MaSNL |
| 005 |
20260304015653.0 |
| 008 |
140303c2007 xo wrzp 0 0slo |
| 015 |
|
|
|a SNBRB2007/04
|2 snkbucl
|
| 040 |
|
|
|a SNKBUCL
|b slo
|c SNKBUCL
|e AACR2
|
| 041 |
0 |
|
|a slo
|
| 044 |
|
|
|a xo
|c SK
|
| 080 |
|
|
|a 613.6:342.534
|x (437.6)
|2 1997
|
| 080 |
|
|
|a 342.534
|2 1997
|
| 100 |
1 |
|
|a Martinický, Dávid
|4 aut
|9 871343
|
| 245 |
1 |
0 |
|a Aký je zdravotný stav poslancov NR SR?
|c Dávid Martinický
|
| 300 |
|
|
|a Fotogr.
|
| 610 |
1 |
7 |
|a Slovensko.
|b Národná rada
|2 snkbucl
|9 165573
|
| 650 |
0 |
7 |
|a zdravotný stav
|2 snkbucl
|9 285620
|
| 650 |
0 |
7 |
|a poslanci
|2 snkbucl
|9 1797
|
| 773 |
0 |
|
|t Zdravotnícke noviny
|g Roč. XII, č. 14 (2007)
|x 1335-4477
|
| 773 |
0 |
|
|t Lekárske listy
|g Č. 14 (2007), s. 38-39
|
| 852 |
|
|
|a SNK
|b KIS3GCP
|
| 958 |
|
|
|a MI
|
| 958 |
|
|
|a SK
|
| 999 |
|
|
|c 2593148
|d 2595078
|